| 000 | 04861namaa2200493uu 4500 | ||
|---|---|---|---|
| 001 | doab135585 | ||
| 003 | oapen | ||
| 005 | 20260218110443.0 | ||
| 006 | m o d | ||
| 007 | cr|mn|---annan | ||
| 008 | 240314s2024 xx |||||o ||| 0|eng d | ||
| 020 | _a978-981-99-5659-3 | ||
| 020 | _a9789819956586 | ||
| 020 | _a9789819956593 | ||
| 024 | 7 |
_a10.1007/978-981-99-5659-3 _2doi |
|
| 040 |
_aoapen _coapen _d |
||
| 041 | 0 | _aeng | |
| 042 | _adc | ||
| 720 | 1 |
_aArnez, Monika _4edt |
|
| 245 | 0 | 0 | _aGender, Islam and Sexuality in Contemporary Indonesia |
| 260 |
_aSingapore _bSpringer Nature _c2024 |
||
| 300 | _a1 online resource (219 p.) | ||
| 336 |
_atext _btxt _2rdacontent |
||
| 337 |
_acomputer _bc _2rdamedia |
||
| 338 |
_aonline resource _bcr _2rdacarrier |
||
| 490 | 1 | _aEngaging Indonesia | |
| 506 | 0 |
_fUnrestricted online access _2star |
|
| 520 | _aThis Open Access book explores the complex interplay between gender, Islam and sexuality in Indonesia, the country with the world's largest Muslim population. The authors offer a fresh look at the tensions between the local and the global through a wide range of cultural expressions and productions, including fashion, Islamic dating, popular literature, and videos on YouTube. The book is grouped around three core themes: sexuality and violence, halal lifestyle, and shame and self-determination. The first section unpacks how activists and progressive religious scholars have argued for the need for the Sexual Violence Bill and it examines the ambivalence between criminalisation and care towards LGBTQ+ people. In the second, the authors bring new insights into how local expressions of Islam, gender and sexuality are negotiated in an increasingly globalised world. The contributions on the third theme tackle gender roles and mobility in culturally diverse regions such as Hong Kong,Taiwan, Singapore, the US, and Indonesia. "The volume is a must-read for anyone wanting to get up to speed on changes in Indonesia's gender, sexuality and Islamic landscape." - Professor Sharyn Graham Davies, Director of the Herb Feith Indonesia Engagement Centre, Monash University, Australia "A showcase of excellent research, this book is of appeal to Indonesian studies scholars, and to readers in the field of Asian cultural studies. It is also of relevance to the field of Asian gender and sexuality studies, and to scholars in Islamic studies." - Professor Pamela Nilan, University of Newcastle, Australia ; This Open Access volume explores the complex interplay between gender, Islam and sexuality in Indonesia, the country with the world's largest Muslim population. The authors offer a fresh look at the tensions between the local and the global through a wide range of cultural expressions and productions, including fashion, Islamic dating, popular literature, and videos on YouTube. The book is grouped around three core themes: sexuality and violence, halal lifestyle, and shame and self-determination. The first section unpacks how activists and progressive religious scholars have argued for the need for the Sexual Violence Bill and it examines the ambivalence between criminalisation and care towards LGBTQ+ people. In the second, the authors bring new insights into how local expressions of Islam, gender and sexuality are negotiated in an increasingly globalised world. The contributions on the third theme tackle gender roles and mobility in culturally diverse regions such as HongKong, Taiwan, Singapore, the US, and Indonesia. "The volume is a must-read for anyone wanting to get up to speed on changes in Indonesia's gender, sexuality and Islamic landscape." - Professor Sharyn Graham Davies, Director of the Herb Feith Indonesia Engagement Centre, Monash University, Australia "A showcase of excellent research, this book is of appeal to Indonesian studies scholars, and to readers in the field of Asian cultural studies. It is also of relevance to the field of Asian gender and sexuality studies, and to scholars in Islamic studies." - Professor Pamela Nilan, University of Newcastle, Australia | ||
| 536 | _aUniverzita Palackého v Olomouci | ||
| 540 |
_aCreative Commons _fby-nc-nd/4.0/ _2cc _uhttp://creativecommons.org/licenses/by-nc-nd/4.0/ |
||
| 546 | _aEnglish | ||
| 650 | 7 |
_aAsia _2bicssc |
|
| 650 | 7 |
_aCultural studies _2bicssc |
|
| 650 | 7 |
_aGender studies, gender groups _2bicssc |
|
| 650 | 7 |
_aIslam _2bicssc |
|
| 650 | 7 |
_aLiterature: history and criticism _2bicssc |
|
| 650 | 7 |
_aMedia studies _2bicssc |
|
| 720 | 1 |
_aArnez, Monika _4oth |
|
| 720 | 1 |
_aBudianta, Melani _4edt |
|
| 720 | 1 |
_aBudianta, Melani _4oth |
|
| 793 | 0 | _aDOAB Library. | |
| 856 |
_uhttps://docs.google.com/spreadsheets/d/1yKIrdCPDAG_9c22mwoOIO2DOhtj65Wqa/edit?usp=sharing&ouid=106555315294820607512&rtpof=true&sd=true _yList of Curated E-Books |
||
| 942 | _cE-BOOK | ||
| 999 |
_c81222 _d81221 |
||